ខោអាវថ្មីខ្ញុំ / (Record no. 9390)
[ view plain ]
| 000 -LEADER | |
|---|---|
| fixed length control field | 02063nam a22003017a 4500 |
| 001 - CONTROL NUMBER | |
| control field | 9390 |
| 003 - CONTROL NUMBER IDENTIFIER | |
| control field | FISKH |
| 005 - DATE AND TIME OF LATEST TRANSACTION | |
| control field | 20251218111019.0 |
| 008 - FIXED-LENGTH DATA ELEMENTS--GENERAL INFORMATION | |
| fixed length control field | 251218b cb ||||| |||| 00| 0 eng d |
| 020 ## - INTERNATIONAL STANDARD BOOK NUMBER | |
| International Standard Book Number | 9789995053970 |
| 040 ## - CATALOGING SOURCE | |
| Original cataloging agency | FISKH |
| Language of cataloging | khr |
| Transcribing agency | FISKH |
| Modifying agency | FISKH |
| 050 ## - LIBRARY OF CONGRESS CALL NUMBER | |
| Classification number | PZ7 |
| 082 ## - DEWEY DECIMAL CLASSIFICATION NUMBER | |
| Classification number | 895.93 |
| 100 ## - MAIN ENTRY--PERSONAL NAME | |
| Personal name | Pisotheary , Keo |
| 245 ## - TITLE STATEMENT | |
| Title | ខោអាវថ្មីខ្ញុំ / |
| Statement of responsibility, etc. | អ្នកនិពន្ធ លោកស្រីកែវ ពិសុទ្ធារី , អ្នករៀបរៀង អង្គការរូមធូរីតកម្ពុជា |
| 260 ## - PUBLICATION, DISTRIBUTION, ETC. | |
| Place of publication, distribution, etc. | ភ្នំពេញ : |
| Name of publisher, distributor, etc. | អង្គការរូមធូរីតកម្ពុជា , |
| Date of publication, distribution, etc. | 2011. |
| 300 ## - PHYSICAL DESCRIPTION | |
| Extent | 14 pages : |
| Other physical details | color illustrations ; |
| Dimensions | 25 cm . |
| 505 ## - FORMATTED CONTENTS NOTE | |
| Formatted contents note | G <br/> |
| 520 ## - SUMMARY, ETC. | |
| Summary, etc. | ជិតដល់ថ្ងៃបុណ្យចូលឆ្នាំថ្មី បងស្រីបានទិញខោអាវថ្មីអោយខ្ញុំ ។ ខ្ញុំស្រលាញ់អាវពណ៏នេះណាស់ ប៉ុន្តែវាធំពេក ។ ចង្កេះខោត្រូវនឹងខ្ញុំល្មម ប៉ុន្តែជើងខោវែងពេក ។ តើខ្ញុំត្រូវធ្វើយ៉ាងណាដើម្បីបានស្លៀកខោអាវនេះនៅថ្ងៃចូលឆ្នាំថ្មីខាងមុខនេះ ? |
| 520 ## - SUMMARY, ETC. | |
| Summary, etc. | Sister has bought me new clothes in the New Year Celebration ! I love the color of my new shirt, but it's much too big to wear . My new trousers fit perfectly in the waist , but the pants length is too long . What should I do? I want to wear my new clothes for the New Year . |
| 521 8# - TARGET AUDIENCE NOTE | |
| Target audience note | 350 <br/> |
| Source | Lexile <br/> |
| 521 8# - TARGET AUDIENCE NOTE | |
| Target audience note | G <br/> |
| Source | Raz-Plus <br/> |
| 650 ## - SUBJECT ADDED ENTRY--TOPICAL TERM | |
| Topical term or geographic name entry element | ខោអាវថ្មីខ្ញុំ |
| Form subdivision | រឿងនិទានកុមារ |
| 650 ## - SUBJECT ADDED ENTRY--TOPICAL TERM | |
| Topical term or geographic name entry element | My new clothes |
| Form subdivision | Children's Stories |
| 700 ## - ADDED ENTRY--PERSONAL NAME | |
| Personal name | Chakrya , So |
| Relator term | Illustrator |
| 942 ## - ADDED ENTRY ELEMENTS (KOHA) | |
| Source of classification or shelving scheme | Dewey Decimal Classification |
| Koha item type | Khmer Books |
| Suppress in OPAC | No |
| Withdrawn status | Lost status | Source of classification or shelving scheme | Damaged status | Not for loan | Collection | Home library | Current library | Shelving location | Date acquired | Total Checkouts | Full call number | Barcode | Date last seen | Price effective from | Koha item type |
|---|---|---|---|---|---|---|---|---|---|---|---|---|---|---|---|
| Dewey Decimal Classification | Khmer Language Books / សៀវភៅភាសាខ្មែរ | Footprints International School Library Network Toul Tom Poung Campus | Footprints International School Library Network Toul Tom Poung Campus | TTP Primary Green Bookshelves | 12/18/2025 | PIS PZ7 895.93 | FISBK04097 | 12/18/2025 | 12/18/2025 | Khmer Books |
